Library Banner

Iqbal aur ibn Hallaj = اقبال اورابن حلاج : (Record no. 97404)

MARC details
000 -LEADER
fixed length control field 00530nam a22001457a 4500
005 - DATE AND TIME OF LATEST TRANSACTION
control field 20170819095955.0
008 - FIXED-LENGTH DATA ELEMENTS--GENERAL INFORMATION
fixed length control field 170819b xxu||||| |||| 00| 0 eng d
040 ## - CATALOGING SOURCE
Transcribing agency PK-LaUMT
082 ## - DEWEY DECIMAL CLASSIFICATION NUMBER
Classification number 297.4
Item number RIA-I
100 ## - MAIN ENTRY--PERSONAL NAME
Personal name Riaz, Muhammad = ریاض، محمد
245 ## - TITLE STATEMENT
Title Iqbal aur ibn Hallaj = اقبال اورابن حلاج :
Remainder of title کتاب الطواسین اور تصانیف اقبال کا تقابلی مطالعہ
Statement of responsibility, etc محمد ریاض
260 ## - PUBLICATION, DISTRIBUTION, ETC. (IMPRINT)
Place of publication, distribution, etc Lahore :
Name of publisher, distributor, etc Islamic Book Foundation,
Date of publication, distribution, etc 1977
300 ## - PHYSICAL DESCRIPTION
Extent 64 p.
942 ## - ADDED ENTRY ELEMENTS (KOHA)
Koha item type Books
Holdings
Withdrawn status Lost status Damaged status Home library Current library Date acquired Full call number Barcode Date last seen Price effective from Koha item type
      UMT Main Campus UMT Main Campus 2017-08-19 297.4 RIA-I 110195 2022-01-08 2017-08-19 Books